000 00428nam a2200157 4500
001 132497
003 ES-MaACL
005 20230906194204.0
007 t|
008 070214s1903 sp r ||||1| spa d
100 1 _aRomán, José Antonio.
_999214
245 1 0 _aHojas de mi álbum /
_cJosé Antonio Román.
260 _aMadrid :
_b[s.n.],
_c1903 (
_fImp. Velasco)
300 _a224 p. ;
_c18 cm.
852 _aES-MaACL
_jG-11139
999 _c132497
_d132497